header

Adult and child care; (Record no. 266148)

MARC details
000 -LEADER
fixed length control field 01133cam a2200349 4500
001 - CONTROL NUMBER
control field 1244732
003 - CONTROL NUMBER IDENTIFIER
control field OSt
005 - DATE AND TIME OF LATEST TRANSACTION
control field 20260409071116.0
008 - FIXED-LENGTH DATA ELEMENTS--GENERAL INFORMATION
fixed length control field 730712s1973 moua b 001 0 eng
010 ## - LIBRARY OF CONGRESS CONTROL NUMBER
LC control number 72092804
020 ## - INTERNATIONAL STANDARD BOOK NUMBER
International Standard Book Number 0801604435
International Standard Book Number 9780801604430
035 ## - SYSTEM CONTROL NUMBER
System control number 1244732
040 ## - CATALOGING SOURCE
Original cataloging agency DLC
Transcribing agency DLC
Modifying agency DLC
050 00 - LIBRARY OF CONGRESS CALL NUMBER
Classification number RT41
Item number .B272
082 00 - DEWEY DECIMAL CLASSIFICATION NUMBER
Classification number 610.73
100 1# - MAIN ENTRY--PERSONAL NAME
Personal name Barber, Janet Miller.
245 10 - TITLE STATEMENT
Title Adult and child care;
Remainder of title a client approach to nursing
Statement of responsibility, etc [by] Janet Miller Barber, Lillian Gatlin Stokes [and] Diane McGovern Billings.
260 ## - PUBLICATION, DISTRIBUTION, ETC. (IMPRINT)
Place of publication, distribution, etc Saint Louis,
Name of publisher, distributor, etc C.V. Mosby Co.,
Date of publication, distribution, etc 1973.
300 ## - PHYSICAL DESCRIPTION
Extent xvi, 814 p.
Other physical details illus.
Dimensions 27 cm.
336 ## - CONTENT TYPE
Content type term text
Content type code txt
Source rdacontent
337 ## - MEDIA TYPE
Media type term unmediated
Media type code n
Source rdamedia
338 ## - CARRIER TYPE
Carrier type term volume
Carrier type code nc
Source rdacarrier
504 ## - BIBLIOGRAPHY, ETC. NOTE
Bibliography, etc Includes bibliographies.
650 #0 - SUBJECT ADDED ENTRY--TOPICAL TERM
Topical term or geographic name as entry element Nursing.
Topical term or geographic name as entry element Pediatric nursing.
700 1# - ADDED ENTRY--PERSONAL NAME
Personal name Stokes, Lillian Gatlin,
Relator term joint author.
Personal name Billings, Diane McGovern,
Relator term joint author.
906 ## - LOCAL DATA ELEMENT F, LDF (RLIN)
a 7
b cbc
c orignew
d 2
e opcn
f 19
g y-gencatlg
942 ## - ADDED ENTRY ELEMENTS (KOHA)
Source of classification or shelving scheme Library of Congress Classification
Koha item type Long Loan Books
Holdings
Withdrawn status Lost status Source of classification or shelving scheme Damaged status Not for loan Collection code Home library Current library Shelving location Date acquired Source of acquisition Total Checkouts Full call number Barcode Date last seen Price effective from Koha item type
    Library of Congress Classification     Non-fiction Rongo University Library Rongo University Library General Stacks 09/04/2026 Books for Africa, Donation   RT41 .B272 1973 20261567 09/04/2026 09/04/2026 Long Loan Books

© 2026 Rongo University
Contact us: librarian | system librarian | Rongo university